[Event "Lansing (MI Op/1a/13)"]
[Site "?"]
[Date "1996.??.??"]
[Round "?"]
[White "Jarosz, Stan"]
[Black "Croel, Duane"]
[Result "1/2-1/2"]
[WhiteElo "2065"]
[BlackElo "1830"]
[PlyCount "65"]
[EventDate "1996.??.??"]

1. Nf3 Nf6 2. c4 g6 3. Nc3 Bg7 4. g3 c5 5. Bg2 Nc6 6. O-O O-O 7. d3 d6 8. Rb1
Bd7 9. a3 a5 10. Bd2 Qc8 11. Ne1 Bh3 12. Na4 Ra6 13. b4 axb4 14. axb4 Bxg2 15.
Kxg2 Nxb4 16. Bxb4 Qc6+ 17. Nf3 Rxa4 18. Bc3 Ra2 19. Re1 Rb8 20. Qb3 Qa4 21.
Qxa4 Rxa4 22. Rb3 Ra2 23. Bxf6 Bxf6 24. e3 Rc2 25. Reb1 Ra8 26. Rxb7 Raa2 27.
Rf1 Rc3 28. Rd1 Rcc2 29. Rf1 Ra3 30. Rd1 Raa2 31. Rf1 Ra3 32. Rd1 Raa2 33. Rf1
1/2-1/2

[Event "Howell (US Am N/6/1)"]
[Site "?"]
[Date "1996.??.??"]
[Round "?"]
[White "Jarosz, Stan"]
[Black "Calton, Bill"]
[Result "1/2-1/2"]
[WhiteElo "2050"]
[BlackElo "2160"]
[PlyCount "81"]
[EventDate "1996.??.??"]

{6/(1)} 1. Nf3 d5 2. d4 Nc6 3. Bf4 Bg4 4. Nbd2 e6 5. c3 Bd6 6. Bg3 Nge7 7. e3
O-O 8. Be2 Re8 9. O-O Nf5 10. c4 Nxg3 11. hxg3 dxc4 12. Nxc4 Bf8 13. Rc1 Nb4
14. a3 Nd5 15. Qb3 Rb8 16. Nce5 Bxf3 17. Bxf3 c6 18. Bxd5 Qxd5 19. Qxd5 exd5
20. Nd7 Rbc8 21. Rc3 Rc7 22. Nc5 Bxc5 23. Rxc5 Kf8 24. Rfc1 Rec8 25. b4 Ke7 26.
Kf1 Kd6 27. Ke2 b6 28. R5c3 c5 29. bxc5+ bxc5 30. dxc5+ Rxc5 31. Rxc5 Rxc5 32.
Rb1 Ra5 33. Rb7 Ke6 34. Rb3 h5 35. Kd3 g6 36. Kc3 Ke5 37. Kd3 Ra6 38. Ke2 Ra5
39. Kd3 Ra6 40. Ke2 Ra4 41. Kd3 1/2-1/2

[Event "Howell (US Am N/3/3)"]
[Site "?"]
[Date "1996.??.??"]
[Round "?"]
[White "Jarosz, Stan"]
[Black "Aldrich, Jeff"]
[Result "1-0"]
[WhiteElo "2050"]
[BlackElo "1915"]
[PlyCount "101"]
[EventDate "1996.??.??"]

{3/(3)} 1. Nf3 d5 2. d4 Nf6 3. Bf4 e6 4. e3 Bd6 5. c3 O-O 6. Nbd2 c5 7. Bxd6
Qxd6 8. Ne5 Nfd7 9. Ndf3 f6 10. Nxd7 Nxd7 11. Be2 e5 12. O-O cxd4 13. cxd4 e4
14. Nd2 f5 15. Rc1 Nb6 16. Qc2 Qg6 17. g3 f4 18. exf4 Bh3 19. Rfe1 Rxf4 20. Bf1
Bf5 21. Qc7 Rh4 22. Qe5 Rf8 23. Rc7 Rh5 24. Rxb7 Bd7 25. Qc7 Qh6 26. Re3 Rxh2
27. Bg2 Rc8 28. Rb8 Qh5 29. Rxc8+ Bxc8 30. Qe5 Qxe5 31. dxe5 Rh6 32. Ra3 a6 33.
Bf1 Nd7 34. Rc3 Bb7 35. Rc7 Bc6 36. e6 Rxe6 37. Bxa6 Nf6 38. Nb3 Be8 39. Be2
Kf8 40. Nd4 Rb6 41. b3 Rb8 42. Ne6+ Kg8 43. Rxg7+ Kh8 44. Rc7 Rb6 45. Nd4 Bg6
46. Bb5 h5 47. a4 e3 48. fxe3 Ng4 49. a5 Rf6 50. a6 Be4 51. a7 1-0

[Event "Eastpointe (EDO/2/26)"]
[Site "?"]
[Date "1996.??.??"]
[Round "?"]
[White "Jamssens, M."]
[Black "Scott, T."]
[Result "1-0"]
[WhiteElo "1605"]
[BlackElo "1605"]
[PlyCount "71"]
[EventDate "1996.??.??"]

{2/(26)} 1. d4 d5 2. c4 e6 3. Nc3 Bb4 4. e3 Nf6 5. Bd3 Nbd7 6. Nge2 b6 7. a3
Be7 8. O-O Bb7 9. f3 Rc8 10. cxd5 exd5 11. e4 c5 12. e5 Ng8 13. Be3 cxd4 14.
Bxd4 Bc5 15. Bxc5 Nxc5 16. Bb5+ Kf8 17. Nd4 Ne7 18. Re1 Ne6 19. Nce2 Qc7 20.
Nxe6+ fxe6 21. Nd4 Kf7 22. f4 a6 23. Ba4 g6 24. Qg4 Nf5 25. Nxf5 exf5 26. Qg5
Rhf8 27. Qf6+ Kg8 28. Qg5 Qc5+ 29. Kh1 b5 30. Bb3 Qf2 31. Rab1 Kh8 32. Qe7 Ba8
33. Rbc1 d4 34. Rg1 Qxf4 35. Rxc8 Rxc8 36. Qf6# 1-0

[Event "Eastpointe (EDO/5/16)"]
[Site "?"]
[Date "1996.??.??"]
[Round "?"]
[White "Jamssens, M."]
[Black "Brown, W."]
[Result "1-0"]
[WhiteElo "1605"]
[BlackElo "1605"]
[PlyCount "117"]
[EventDate "1996.??.??"]

{5/(16)} 1. d4 d5 2. c4 c6 3. Nc3 e6 4. cxd5 exd5 5. Bf4 Nf6 6. e3 Bb4 7. Nge2
Ne4 8. a3 Nxc3 9. Nxc3 Bxc3+ 10. bxc3 O-O 11. Bd3 Nd7 12. Qc2 g6 13. Bh6 Re8
14. h4 Nf6 15. Bg5 Qd6 16. Bxf6 Qxf6 17. h5 Bg4 18. hxg6 fxg6 19. Qd2 b6 20. f3
Bd7 21. O-O-O Qd6 22. Kb2 c5 23. e4 dxe4 24. Bxe4 Rab8 25. Qh6 Re7 26. c4 cxd4
27. Bd5+ Be6 28. Bxe6+ Qxe6 29. Rxd4 Qe2+ 30. Qd2 Qxd2+ 31. Rxd2 Re3 32. Rhd1
Rc8 33. Rd8+ Re8 34. Rxe8+ Rxe8 35. Kb3 h5 36. Rd6 Re3+ 37. Kb4 Re7 38. Rxg6+
Kh7 39. Rg3 Re5 40. Rh3 a5+ 41. Ka4 Kg6 42. g4 hxg4 43. fxg4 Re4 44. Kb5 Rxg4
45. Kxb6 Rxc4 46. Kxa5 Rc8 47. a4 Rb8 48. Ka6 Rb4 49. a5 Rb1 50. Ka7 Kf7 51.
Re3 Rb2 52. a6 Rb1 53. Ka8 Rb2 54. a7 Rb4 55. Rc3 Ke7 56. Rc8 Kd7 57. Rb8 Ra4
58. Kb7 Rb4+ 59. Ka6 1-0

[Event "Eastpointe (EDO/3/16)"]
[Site "?"]
[Date "1996.??.??"]
[Round "?"]
[White "Jamssens, M."]
[Black "Belleau, A."]
[Result "1-0"]
[WhiteElo "1605"]
[BlackElo "1605"]
[PlyCount "113"]
[EventDate "1996.??.??"]

{3/(16)} 1. d4 d5 2. c4 c6 3. Nc3 Nf6 4. cxd5 cxd5 5. e3 g6 6. Bd3 Bg7 7. Nge2
O-O 8. O-O Nc6 9. Ng3 Bg4 10. f3 Bd7 11. e4 dxe4 12. Ncxe4 Nxd4 13. Be3 Nxe4
14. Bxe4 Bb5 15. Rf2 Nc6 16. Rd2 Qa5 17. Bxc6 Bxc6 18. Ne2 Rad8 19. Nc3 Bxc3
20. bxc3 Rxd2 21. Qxd2 Rd8 22. Qc1 a6 23. Qb2 Qb5 24. Qxb5 Bxb5 25. a4 Bc6 26.
a5 Rd5 27. Bb6 Rd2 28. Re1 e6 29. h3 Rc2 30. Re3 Bd5 31. Kh2 f5 32. Rd3 Kg7 33.
Bd4+ Kh6 34. Be3+ g5 35. h4 f4 36. hxg5+ Kxg5 37. Bd2 Ra2 38. Rd4 h5 39. Bxf4+
Kf5 40. Bc7 Bxf3 41. Rf4+ Kg5 42. Rxf3 h4 43. Rh3 Re2 44. Bd8+ Kf5 45. Rxh4 e5
46. Rh5+ Ke4 47. Bb6 Kd3 48. Bc7 e4 49. Rh3+ Kd2 50. Bf4+ e3 51. c4 Kd3 52. c5
Re1 53. g4 Re2+ 54. Kg3 Rc2 55. Kh4 Rxc5 56. Bxe3 Rc8 57. Bb6+ 1-0

[Event "Lansing (MOR/5/3)"]
[Site "?"]
[Date "1996.??.??"]
[Round "?"]
[White "James, Larry"]
[Black "Post, Robert"]
[Result "1-0"]
[WhiteElo "1645"]
[BlackElo "1635"]
[PlyCount "165"]
[EventDate "1996.??.??"]

{5/(3)} 1. e4 g6 2. d4 Bg7 3. Bc4 d6 4. c3 Nf6 5. f3 O-O 6. Ne2 Nc6 7. O-O e5
8. Be3 a6 9. Bb3 Bd7 10. Nd2 h6 11. f4 Ng4 12. Bf2 exf4 13. Nxf4 Qg5 14. Qf3
Kh7 15. h3 Nxf2 16. Qxf2 Ne7 17. Rae1 c5 18. d5 b5 19. Qe3 Rae8 20. Nf3 Qf6 21.
e5 dxe5 22. Nxe5 Bc8 23. Qxc5 Nf5 24. Nfd3 Qg5 25. Nxf7 Qd2 26. Rd1 Qe3+ 27.
Qxe3 Nxe3 28. d6 Nxf1 29. Rxf1 Re2 30. Rf2 Rxf2 31. Nxf2 Re8 32. Bd5 Re1+ 33.
Kh2 Be5+ 34. Nxe5 Rxe5 35. Bc6 h5 36. d7 Bxd7 37. Bxd7 Re2 38. Nd3 Rd2 39. Nc5
Rxb2 40. Nxa6 Rxa2 41. Bxb5 Kg7 42. c4 Rb2 43. Nc5 Kf7 44. Nd3 Rc2 45. Nf4 h4
46. Nd3 Ke7 47. Ne5 g5 48. Nf3 Kf6 49. Kg1 Rb2 50. Kf1 Rc2 51. Nd4 Rc1+ 52. Kf2
Rc3 53. Ne2 Rc2 54. Ke3 Rb2 55. Kd3 Rb1 56. Nc3 Rg1 57. Bc6 Ke5 58. c5 Ke6 59.
Kc4 Rc1 60. Bf3 Kd7 61. Kb4 Rc2 62. c6+ Kc7 63. Nb5+ Kb6 64. c7 Rxc7 65. Nxc7
Kxc7 66. Kc5 Kd7 67. Kd5 Ke7 68. Ke5 Kf7 69. Kf5 Kg7 70. Kxg5 Kh7 71. Kxh4 Kh6
72. g4 Kg7 73. Kg5 Kh8 74. Kg6 Kg8 75. Kf6 Kh8 76. g5 Kg8 77. g6 Kh8 78. g7+
Kh7 79. Kf7 Kh6 80. g8=R Kh7 81. Bd5 Kh6 82. Kf6 Kh5 83. Rh8# 1-0

[Event "Lansing (MOR/3/16)"]
[Site "?"]
[Date "1996.??.??"]
[Round "?"]
[White "James, Larry"]
[Black "Nikitin, Mike"]
[Result "1-0"]
[WhiteElo "1645"]
[BlackElo "1605"]
[PlyCount "67"]
[EventDate "1996.??.??"]

{3/(16)} 1. e4 e6 2. d4 d5 3. e5 c5 4. Nf3 Nc6 5. c3 Qb6 6. Bd3 Bd7 7. Bc2 cxd4
8. cxd4 Be7 9. Nc3 Qc7 10. O-O f6 11. Re1 a6 12. a3 Rc8 13. Nxd5 exd5 14. e6
Bxe6 15. Rxe6 Nd8 16. Re2 g6 17. Bb3 Qd7 18. Bd2 Kf7 19. Re5 Kg7 20. Rxd5 Bd6
21. Bb4 Nf7 22. Ne5 fxe5 23. dxe5 Qc6 24. exd6 Nf6 25. Bc3 Nh6 26. Qd4 Rhf8 27.
d7 Nf5 28. Rxf5 gxf5 29. dxc8=Q Qxc8 30. Re1 Kg6 31. Re6 Qd8 32. Qxd8 Rxd8 33.
Rxf6+ Kg5 34. g3 1-0

[Event "Lansing (MOR/7/6)"]
[Site "?"]
[Date "1996.??.??"]
[Round "?"]
[White "James, Larry"]
[Black "Griffin, John"]
[Result "1/2-1/2"]
[WhiteElo "1645"]
[BlackElo "1605"]
[PlyCount "86"]
[EventDate "1996.??.??"]

{7/(6)} 1. e4 c5 2. Nf3 Nc6 3. d4 cxd4 4. Nxd4 Nf6 5. Nc3 e5 6. Nb3 Bb4 7. Bg5
Bxc3+ 8. bxc3 O-O 9. Qd6 Nxe4 10. Bxd8 Nxd6 11. Bc7 Ne4 12. c4 Re8 13. Bd3 Nf6
14. O-O d5 15. cxd5 Nxd5 16. Bd6 Ndb4 17. Bb5 a6 18. Bxb4 axb5 19. Bc5 b4 20.
Rfe1 Bf5 21. Re2 f6 22. f3 Rad8 23. Rc1 Rd5 24. Rd2 Rxd2 25. Nxd2 Rd8 26. Nc4
Rd5 27. Ne3 Rxc5 28. Nxf5 Rd5 29. Kf1 g6 30. Ng3 f5 31. Ke1 Kf7 32. c4 bxc3 33.
Rxc3 Ke6 34. Rb3 b5 35. Ne2 b4 36. f4 e4 37. a3 bxa3 38. Rxa3 Rb5 39. Rh3 Rb1+
40. Kd2 Rb2+ 41. Ke1 h5 42. Rg3 Kf6 43. Rc3 Rb1+ 1/2-1/2

[Event "Cadillac Open/2/16"]
[Site "?"]
[Date "1996.??.??"]
[Round "?"]
[White "Jacobs, Ron"]
[Black "Nikitin, Mike"]
[Result "0-1"]
[WhiteElo "1605"]
[BlackElo "1605"]
[PlyCount "90"]
[EventDate "1996.??.??"]

{2/16} 1. e4 e6 2. d4 d5 3. e5 c5 4. c3 Nc6 5. Nf3 Qb6 6. Be2 Bd7 7. O-O O-O-O
8. Na3 a6 9. Nc2 h6 10. b3 f5 11. Nh4 Nge7 12. f4 Rg8 13. g3 g6 14. Kh1 Be8 15.
Rg1 Bf7 16. Nf3 Rd7 17. Qe1 cxd4 18. cxd4 Kb8 19. Rb1 Nc8 20. a3 Qc7 21. b4
N6a7 22. Na1 Nb6 23. Bd1 Be8 24. Rg2 Qc8 25. Rc2 Nc4 26. Nd2 Rc7 27. Rb3 Ba4
28. Rxc4 dxc4 29. Rc3 Bc6+ 30. Kg1 Bd5 31. Ba4 b5 32. Bd1 Qb7 33. Nc2 Nc8 34.
Ne3 Nb6 35. Qe2 Qa8 36. Nb1 Be7 37. Qa2 Qc6 38. Qa1 Bf8 39. Bb3 Rgg7 40. Nd1
Rc8 41. Nb2 Bh1 42. Rc2 Be4 43. Rc3 Nd5 44. Nd1 Nxc3 45. Bxc4 Nxd1 0-1

[Event "Cadillac Open/4/22"]
[Site "?"]
[Date "1996.??.??"]
[Round "?"]
[White "Jacobs, Ron"]
[Black "Nikitin, Mike"]
[Result "1-0"]
[WhiteElo "1605"]
[BlackElo "1605"]
[PlyCount "97"]
[EventDate "1996.??.??"]

{4/22} 1. e4 e5 2. Nf3 Nc6 3. Bb5 Nf6 4. d3 d5 5. Bxc6+ bxc6 6. Nbd2 dxe4 7.
dxe4 Bg4 8. O-O Bc5 9. Qe1 Bxf3 10. Nxf3 Ng4 11. Bg5 f6 12. Bh4 O-O 13. h3 Nh6
14. Qe2 Bd4 15. c3 Bc5 16. Qc4+ Nf7 17. Qxc5 Qd6 18. Qe3 Rad8 19. Qe2 Qd3 20.
Qxd3 Rxd3 21. Rfd1 Rfd8 22. Rxd3 Rxd3 23. Ne1 Rd2 24. b3 Nd6 25. f3 f5 26. c4
fxe4 27. fxe4 Nxe4 28. Nf3 Re2 29. Nxe5 g5 30. Bxg5 Nxg5 31. Nxc6 a6 32. Kf1
Re6 33. Nd4 Rd6 34. Nf5 Rf6 35. g4 Nxh3 36. Kg2 Ng5 37. Ne7+ Kf7 38. Nd5 Rc6
39. Rf1+ Ke6 40. Nf4+ Ke5 41. Nd3+ Kd4 42. Nb4 Re6 43. Nd5 Re4 44. Rd1+ Ke5 45.
Kg3 c5 46. Rf1 a5 47. Rf5+ Ke6 48. Rxg5 Re2 49. Nf4+ 1-0

[Event "Lansing (MOR/1a/30)"]
[Site "?"]
[Date "1996.??.??"]
[Round "?"]
[White "Jackson, T."]
[Black "Oprean, G."]
[Result "0-1"]
[WhiteElo "1605"]
[BlackElo "1605"]
[PlyCount "74"]
[EventDate "1996.??.??"]

1. Nf3 d5 2. g3 b6 3. Bg2 Bb7 4. O-O Nf6 5. c3 Nc6 6. Qa4 e6 7. b3 Bd6 8. Nd4
Qd7 9. Re1 O-O 10. e4 dxe4 11. Bxe4 Nxe4 12. Nxc6 Qxc6 13. Qxc6 Bxc6 14. d3 Nc5
15. d4 Nd3 16. Rd1 Nxc1 17. Rxc1 Rfe8 18. Rd1 Be4 19. Nd2 Bf5 20. Nf3 f6 21.
Re1 Bh3 22. Re3 Re7 23. Re4 g5 24. Rae1 Rae8 25. Nd2 f5 26. R4e3 g4 27. f3 e5
28. d5 Bc5 29. Nc4 f4 30. b4 Bxe3+ 31. Nxe3 fxe3 32. Rxe3 e4 33. f4 Rd7 34. c4
c6 35. dxc6 Rd3 36. Re2 e3 37. b5 Rd1+ 0-1

[Event "Lansing (MOR/3/37)"]
[Site "?"]
[Date "1996.??.??"]
[Round "?"]
[White "Jackson, T."]
[Black "Cowans, Winston"]
[Result "0-1"]
[WhiteElo "1605"]
[BlackElo "1605"]
[PlyCount "51"]
[EventDate "1996.??.??"]

{3/(37)} 1. Nf3 d6 2. g3 Nf6 3. Bg2 g6 4. O-O Bg7 5. c3 e5 6. Qb3 O-O 7. Nh4 c6
8. d3 Nbd7 9. Bg5 Nc5 10. Qc4 a5 11. a4 Be6 12. Bxf6 Bxf6 13. Nxg6 Bxc4 14.
Nxf8 Ba6 15. b4 axb4 16. cxb4 Nxd3 17. Nxh7 Kxh7 18. Be4+ Kg8 19. exd3 d5 20.
Bf5 e4 21. Rd1 Bxa1 22. dxe4 Be2 23. Rd2 Bf3 24. exd5 Qe7 25. Bh3 Qe1+ 26. Bf1
0-1

[Event "Lansing (MOR/5/48)"]
[Site "?"]
[Date "1996.??.??"]
[Round "?"]
[White "Jackson, T."]
[Black "Burye, T."]
[Result "1-0"]
[WhiteElo "1605"]
[BlackElo "1605"]
[PlyCount "95"]
[EventDate "1996.??.??"]

{5/(48)} 1. Nf3 d5 2. g3 c5 3. Bg2 Nc6 4. O-O Nf6 5. b3 Bf5 6. d3 Nd4 7. e3
Nxf3+ 8. Qxf3 Bg4 9. Qf4 Qd7 10. Bb2 d4 11. exd4 cxd4 12. Bxd4 Bh3 13. Bxf6
gxf6 14. Bxh3 Qxh3 15. Qa4+ Kd8 16. Qd4+ Ke8 17. Nc3 e5 18. Qa4+ Kd8 19. Qa5+
b6 20. Qd5+ Ke7 21. Qxa8 Bg7 22. Qxa7+ Qd7 23. Qxd7+ Kxd7 24. f4 exf4 25. Nd5
fxg3 26. hxg3 f5 27. Rae1 Bd4+ 28. Kg2 Rg8 29. Rxf5 Kd6 30. Ne3 Be5 31. Nc4+
Kd7 32. Rxf7+ Kc6 33. Nxe5+ Kd5 34. Rxh7 Re8 35. Rd7+ Kc5 36. Rc7+ Kd6 37. Rc6+
Kd5 38. Rxb6 Rxe5 39. Rb5+ Kd6 40. Rexe5 Kc6 41. Red5 Kc7 42. a4 Kc6 43. a5 Kc7
44. a6 Kc8 45. a7 Kc7 46. g4 Kc8 47. a8=Q+ Kc7 48. Qb7# 1-0

[Event "Flint (MI Jr/1/1)"]
[Site "?"]
[Date "1996.??.??"]
[Round "?"]
[White "Jackson, Katrina"]
[Black "Zaremba, Andrei"]
[Result "0-1"]
[WhiteElo "1605"]
[BlackElo "2075"]
[PlyCount "100"]
[EventDate "1996.??.??"]

{1/(1)} 1. d4 Nf6 2. c4 c5 3. d5 e6 4. Nc3 exd5 5. cxd5 d6 6. e4 g6 7. Bg5 h6
8. Bxf6 Qxf6 9. Bb5+ Bd7 10. Bxd7+ Nxd7 11. Nf3 a6 12. O-O Bg7 13. Rb1 O-O 14.
Re1 Rfe8 15. Qb3 b5 16. a3 Qf4 17. Qc2 Rac8 18. h3 b4 19. Na4 a5 20. Qc4 Rb8
21. Rbc1 f5 22. e5 Qxc4 23. Rxc4 Nxe5 24. Nxe5 Rxe5 25. Rxe5 Bxe5 26. axb4 axb4
27. b3 Re8 28. f4 Bd4+ 29. Kf1 Re3 30. Nb6 Rxb3 31. Nc8 Rb1+ 32. Ke2 b3 33.
Nxd6 b2 34. Nb5 Re1+ 35. Kxe1 b1=Q+ 36. Kd2 Qxb5 37. Rxd4 cxd4 38. d6 Kf7 39.
d7 Qxd7 40. Kd3 Qd5 41. g4 Qe4+ 42. Kd2 d3 43. gxf5 Qe2+ 44. Kc3 d2 45. fxg6+
Kxg6 46. f5+ Kf7 47. f6 d1=Q 48. h4 Qec2+ 49. Kb4 Qdb1+ 50. Ka5 Qca2# 0-1

[Event "Detroit (MI Women/1/4)"]
[Site "?"]
[Date "1996.??.??"]
[Round "?"]
[White "Jackson, Katrina"]
[Black "Thompson, Shereece"]
[Result "1-0"]
[WhiteElo "1605"]
[BlackElo "1605"]
[PlyCount "75"]
[EventDate "1996.??.??"]

{1/(4)} 1. d4 e6 2. c4 Nc6 3. Nc3 Nf6 4. e4 e5 5. d5 Nd4 6. Nf3 Bc5 7. Nxe5 d6
8. Nd3 Bb4 9. Nxb4 c5 10. dxc6 O-O 11. Qxd4 bxc6 12. Nxc6 Qc7 13. Nb4 Ba6 14.
Nxa6 Qa5 15. c5 Rfd8 16. cxd6 Re8 17. Bd2 Qe5 18. Qxe5 Rxe5 19. f3 Rd8 20. Bf4
Rf5 21. exf5 Nh5 22. Nd5 Re8+ 23. Be2 g6 24. fxg6 hxg6 25. g4 f6 26. gxh5 gxh5
27. Nxf6+ Kf7 28. Nxe8 Kxe8 29. O-O-O Kf7 30. Nb8 Kf6 31. d7 Ke7 32. d8=Q+ Ke6
33. Rd4 a6 34. Rg1 h4 35. Rg5 Kf7 36. Rd6 h3 37. Qf6+ Ke8 38. Rd8# 1-0

[Event "Flint (MI Jr/3/18)"]
[Site "?"]
[Date "1996.??.??"]
[Round "?"]
[White "Jackson, Katrina"]
[Black "Taylor, Walt"]
[Result "1-0"]
[WhiteElo "1605"]
[BlackElo "1605"]
[PlyCount "81"]
[EventDate "1996.??.??"]

{3/(18)} 1. d4 d5 2. c4 c6 3. Nc3 Nf6 4. e3 e6 5. Nf3 Bb4 6. Bd2 Bxc3 7. Bxc3
Nbd7 8. Be2 b6 9. O-O Ba6 10. Re1 Bxc4 11. Bxc4 dxc4 12. a4 c5 13. Qe2 Ne4 14.
Qxc4 Nxc3 15. bxc3 cxd4 16. exd4 O-O 17. d5 Rc8 18. Qd4 exd5 19. Qxd5 Rxc3 20.
Rad1 Rc7 21. Ne5 Re8 22. Qxf7+ Kh8 23. Ng6+ hxg6 24. Rxe8+ Qxe8 25. Qxe8+ Kh7
26. g3 Nf6 27. Qf8 Nd7 28. Qf7 a6 29. Rxd7 Rxd7 30. Qxd7 b5 31. a5 b4 32. Qb7
Kh6 33. Qxa6 b3 34. Qb6 b2 35. a6 b1=Q+ 36. Qxb1 g5 37. a7 Kh5 38. a8=Q g4 39.
Qh8+ Kg5 40. Qxg7+ Kh5 41. Qbh7# 1-0

[Event "Detroit (MI Women/3/2)"]
[Site "?"]
[Date "1996.??.??"]
[Round "?"]
[White "Jackson, Katrina"]
[Black "Stinson, Darlene"]
[Result "1/2-1/2"]
[WhiteElo "1605"]
[BlackElo "1605"]
[PlyCount "77"]
[EventDate "1996.??.??"]

{3/(2)} 1. d4 d5 2. c4 c5 3. dxc5 Qa5+ 4. Nc3 Qxc5 5. cxd5 Bd7 6. Nf3 Nf6 7. e4
e6 8. dxe6 Bxe6 9. Be2 Nbd7 10. Be3 Qb4 11. Qd2 Nxe4 12. Nxe4 Qxe4 13. O-O Bb4
14. Ng5 Bxd2 15. Nxe4 Bxe3 16. fxe3 Ke7 17. Ng5 f6 18. Nxe6 Kxe6 19. Bg4+ Ke7
20. Bxd7 Kxd7 21. Rac1 Rac8 22. Rfd1+ Ke6 23. Rxc8 Rxc8 24. Rd2 b5 25. a3 g5
26. Kf2 a5 27. h3 b4 28. axb4 axb4 29. Kf3 Rc4 30. e4 f5 31. exf5+ Kxf5 32.
Rd5+ Kf6 33. Rd6+ Ke5 34. Rd2 Rf4+ 35. Ke3 h5 36. g3 Re4+ 37. Kf3 g4+ 38. hxg4
hxg4+ 39. Kf2 1/2-1/2

[Event "Howell (US Am N/2/33)"]
[Site "?"]
[Date "1996.??.??"]
[Round "?"]
[White "Jackson, Katrina"]
[Black "Robbins, Fred"]
[Result "1-0"]
[WhiteElo "1605"]
[BlackElo "1920"]
[PlyCount "79"]
[EventDate "1996.??.??"]

{2/(33)} 1. d4 Nf6 2. c4 c5 3. d5 Ne4 4. Nf3 Qa5+ 5. Bd2 Nxd2 6. Qxd2 Qxd2+ 7.
Nbxd2 d6 8. e4 g6 9. Rb1 Bg7 10. h3 a5 11. Bd3 Na6 12. a3 a4 13. O-O O-O 14.
Rfe1 Nc7 15. e5 Bd7 16. exd6 exd6 17. Re7 Rad8 18. b3 Bf6 19. Ree1 b5 20. Ne4
Be5 21. Nxe5 dxe5 22. Nxc5 bxc4 23. bxc4 f6 24. Rb7 Ne8 25. Rxd7 Rxd7 26. Nxd7
Rf7 27. Nc5 Nd6 28. Rb1 f5 29. Ne6 Re7 30. c5 Ne4 31. Rb8+ Re8 32. Rxe8+ Kf7
33. Rf8+ Ke7 34. Bxe4 fxe4 35. Rd8 h6 36. c6 h5 37. c7 e3 38. fxe3 g5 39. c8=Q
g4 40. Rf8 1-0

[Event "Howell (US Am N/5/35)"]
[Site "?"]
[Date "1996.??.??"]
[Round "?"]
[White "Jackson, Katrina"]
[Black "Martell, Raul"]
[Result "1-0"]
[WhiteElo "1605"]
[BlackElo "1605"]
[PlyCount "84"]
[EventDate "1996.??.??"]

{5/(35)} 1. d4 d5 2. c4 Nf6 3. Nc3 h6 4. Nf3 e6 5. e3 c6 6. Be2 Bd6 7. O-O b6
8. Re1 Bb7 9. Bd3 O-O 10. e4 dxe4 11. Bxe4 Qc7 12. h3 Nbd7 13. d5 exd5 14. cxd5
Nxe4 15. Rxe4 cxd5 16. Nxd5 Bxd5 17. Rd4 Bxf3 18. gxf3 Bh2+ 19. Kg2 Ne5 20. f4
Qc6+ 21. f3 Qxf3+ 22. Qxf3 Nxf3 23. Kxf3 Bg1 24. Be3 Bxe3 25. Kxe3 Rfc8 26. Rd2
Rc5 27. Kf3 Re8 28. Rg1 g6 29. h4 Rh5 30. Rh2 Rc8 31. a3 Rc4 32. Ke3 Kf8 33.
Rgg2 Rd5 34. Rd2 Rxd2 35. Rxd2 Rc5 36. Rh2 Rh5 37. Kf3 Kg7 38. Rh3 f5 39. Kg3
Kf6 40. Rh2 Kf7 41. Rc2 g5 42. hxg5 Ke8 1-0

[Event "Flint (MI Jr/4/9)"]
[Site "?"]
[Date "1996.??.??"]
[Round "?"]
[White "Jackson, Katrina"]
[Black "King, Kenny"]
[Result "0-1"]
[WhiteElo "1605"]
[BlackElo "1605"]
[PlyCount "104"]
[EventDate "1996.??.??"]

{4/(9)} 1. d4 d5 2. c4 e6 3. Nc3 Nf6 4. e3 Bb4 5. Bd2 O-O 6. Nf3 Nbd7 7. Be2
dxc4 8. Bxc4 c5 9. O-O b6 10. a3 Ba5 11. Qa4 Bxc3 12. Bxc3 Qc7 13. Qb3 Bb7 14.
Ne5 Nxe5 15. dxe5 Ne4 16. f4 Rad8 17. Rad1 Nxc3 18. Qxc3 Qc6 19. Rd2 Rd7 20.
Rff2 Rfd8 21. Qc2 Qe4 22. Qxe4 Bxe4 23. Rxd7 Rxd7 24. g4 g6 25. h4 h5 26. g5
Kf8 27. Bf1 Rd1 28. Kh2 Ke8 29. Kh3 Ke7 30. Bg2 Bxg2+ 31. Kxg2 Re1 32. Kf3 Rh1
33. Kg3 Kd7 34. e4 Re1 35. Kf3 b5 36. Re2 Rxe2 37. Kxe2 a5 38. Kd3 Kc6 39. b3
Kb6 40. f5 Kc6 41. Kc3 b4+ 42. axb4 axb4+ 43. Kc4 Kb6 44. Kd3 Kb5 45. Kc2 c4
46. f6 cxb3+ 47. Kxb3 Kc5 48. Kc2 Kc4 49. Kb2 b3 50. Kc1 Kc3 51. Kb1 b2 52. Ka2
Kc2 0-1

[Event "Detroit (WCO/3/13)"]
[Site "?"]
[Date "1996.??.??"]
[Round "?"]
[White "Jackson, Katrina"]
[Black "Hooker, Larry"]
[Result "1-0"]
[WhiteElo "1605"]
[BlackElo "1605"]
[PlyCount "59"]
[EventDate "1996.??.??"]

{3/(13)} 1. d4 d5 2. c4 c6 3. Nc3 Nf6 4. e3 e6 5. Nf3 g6 6. Be2 Bg7 7. O-O O-O
8. Re1 Qd6 9. c5 Qd8 10. Bd3 Bd7 11. e4 Qe7 12. Bg5 b6 13. e5 Qd8 14. exf6 Bxf6
15. Bxf6 Qxf6 16. b4 b5 17. a4 bxa4 18. Qxa4 Re8 19. b5 cxb5 20. Nxb5 Nc6 21.
Nc7 Red8 22. Nxa8 Ne5 23. dxe5 Qxf3 24. gxf3 Bxa4 25. Rxa4 Rxa8 26. Rc1 Kf8 27.
c6 Ke8 28. c7 Kd7 29. Rxa7 Re8 30. c8=Q# 1-0

[Event "Detroit (WCO/1/22)"]
[Site "?"]
[Date "1996.??.??"]
[Round "?"]
[White "Jackson, Katrina"]
[Black "Goerke, Daniel"]
[Result "1-0"]
[WhiteElo "1605"]
[BlackElo "1605"]
[PlyCount "57"]
[EventDate "1996.??.??"]

{1/(22)} 1. d4 Nc6 2. c4 Nxd4 3. Qxd4 Nf6 4. Qd1 e5 5. Nc3 Bb4 6. Bd2 O-O 7. e3
d5 8. cxd5 Bxc3 9. Bxc3 Nxd5 10. Bxe5 Re8 11. Nf3 Nb4 12. Qxd8 Rxd8 13. Rc1
Nxa2 14. Rxc7 Bg4 15. Be2 b6 16. O-O f6 17. Bxf6 gxf6 18. Bc4+ Kh8 19. Bxa2
Bxf3 20. gxf3 Rac8 21. Rfc1 Rxc7 22. Rxc7 h5 23. Rxa7 h4 24. h3 Rd1+ 25. Kg2
Rd2 26. b3 Kg8 27. f4 b5 28. b4+ Rd5 29. Bxd5+ 1-0

[Event "Eastpointe (EDO/1/26)"]
[Site "?"]
[Date "1996.??.??"]
[Round "?"]
[White "Jackson, J."]
[Black "Steen, Harold"]
[Result "0-1"]
[WhiteElo "1825"]
[BlackElo "1780"]
[PlyCount "80"]
[EventDate "1996.??.??"]

{1/(26)} 1. e4 c5 2. Nf3 d6 3. d4 cxd4 4. Nxd4 Nf6 5. Nc3 a6 6. Be2 e6 7. O-O
Qc7 8. Be3 b5 9. a3 Bb7 10. Bf3 Nc6 11. Nb3 Ne5 12. Qe2 Nxf3+ 13. Qxf3 Be7 14.
Rad1 O-O 15. Rd2 Rad8 16. Rfd1 Nxe4 17. Nxe4 f5 18. Nd4 Qc8 19. Nxd6 Bxd6 20.
Qe2 f4 21. Qg4 Bd5 22. Ne2 fxe3 23. fxe3 Bc5 24. Qg5 h6 25. Qg3 Bb6 26. Nf4 Bc7
27. Qg4 Bxf4 28. exf4 Qc4 29. g3 Qe4 30. Qh5 Qh1+ 31. Kf2 Qg2+ 32. Ke3 Qe4+ 33.
Kf2 Rf5 34. Qh4 Rdf8 35. Re1 Qg2+ 36. Ke3 Qf3+ 37. Kd4 Rxf4+ 38. gxf4 Rxf4+ 39.
Qxf4 Qxf4+ 40. Kc3 Qc4# 0-1

[Event "Detroit (MI Team/1/1/2)"]
[Site "?"]
[Date "1996.??.??"]
[Round "?"]
[White "Jackson, J."]
[Black "Lou, M."]
[Result "0-1"]
[WhiteElo "1800"]
[BlackElo "2310"]
[PlyCount "98"]
[EventDate "1996.??.??"]

{1/1} 1. e4 c6 2. d4 d5 3. Nc3 dxe4 4. Nxe4 Nf6 5. Ng3 c5 6. Nf3 Nc6 7. Bb5
Qa5+ 8. Bd2 Qxb5 9. Bc3 Bg4 10. dxc5 Rd8 11. Qe2 Qxe2+ 12. Nxe2 Bxf3 13. gxf3
e5 14. b4 Nd5 15. a3 Nxc3 16. Nxc3 Nd4 17. O-O Nxc2 18. Ra2 Nd4 19. Kg2 Be7 20.
Re1 O-O 21. Rxe5 Bf6 22. Re1 Nxf3 23. Kxf3 Rd3+ 24. Kg2 Rxc3 25. Rd1 b6 26.
cxb6 axb6 27. Rd6 Rb8 28. a4 Be7 29. Rd7 Bxb4 30. Rd4 Bc5 31. Re4 Ra8 32. Rd2
g6 33. Rd7 Ra3 34. Rf4 f5 35. Rc4 R8xa4 36. Rxa4 Rxa4 37. f3 Ra2+ 38. Kg3 g5
39. h4 Bf2+ 40. Kh3 Bxh4 41. Rb7 Bf2 42. Kg2 Be3+ 43. Kh3 Bf4 44. Rg7+ Kf8 45.
Rf7+ Ke8 46. Re7+ Kd8 47. Rd7+ Kc8 48. Rd8+ Kb7 49. Rd7+ Kc6 0-1

[Event "Howell (US Am N/3/29)"]
[Site "?"]
[Date "1996.??.??"]
[Round "?"]
[White "Jackson, Don"]
[Black "Sundeen, David"]
[Result "1/2-1/2"]
[WhiteElo "1605"]
[BlackElo "1705"]
[PlyCount "100"]
[EventDate "1996.??.??"]

{3/(29)} 1. g4 e5 2. Bg2 Nc6 3. c4 Nf6 4. h3 d5 5. Nc3 dxc4 6. Qa4 Bd7 7. Qxc4
Bd6 8. Ne4 Nxe4 9. Bxe4 Na5 10. Qc3 Bc6 11. Bxc6+ Nxc6 12. a3 O-O 13. d3 Nd4
14. e3 Ne6 15. Nf3 Qf6 16. Ke2 Rfe8 17. e4 Nf4+ 18. Bxf4 Qxf4 19. Qd2 Qxd2+ 20.
Nxd2 c6 21. Rhc1 Red8 22. b4 a6 23. Nb3 Rab8 24. Na5 Bc7 25. Nb3 Bb6 26. Nc5
Bxc5 27. Rxc5 Re8 28. Rac1 f6 29. Ke3 Red8 30. Rd1 Rd7 31. f4 exf4+ 32. Kxf4
Rbd8 33. Ke3 Rd4 34. Rd2 R8d7 35. Rc4 Rxc4 36. dxc4 Rxd2 37. Kxd2 Kf7 38. Ke3
Ke7 39. c5 g6 40. Kf4 h6 41. e5 Ke6 42. exf6 Kxf6 43. h4 Ke6 44. Ke4 Kf6 45.
Kf4 g5+ 46. hxg5+ hxg5+ 47. Ke4 Ke6 48. Kd4 Kf6 49. Ke4 Ke6 50. Kd4 Kf6 1/2-1/2